00640nam a22002177a 450000500170000001000120001702000190002903500120004803700160006004000120007608200130008810000220010124500940012324600060021726000560022327000590027930000280033865000150036665000220038170000190040320170124105947.0 aB-91860 c00a8122414311 aB-91860 bCen Lib/Ret aDPLbEN a330bMUK aMukherjee, Sampat aEconomics for C.A. professional education cource-1 /cby Sampat Mukherjee, Amitava Ghose  b  bNew Age International Publishers c2002aNew Delhi  bNew Delhi a4835/24, ansari road, dariya ganj e110002 a542p. ;c23cm(Hb)bill. aEconomics  aBasic principles  aGhose, Amitava